• 首页
  • 本馆介绍
  • 公告通知
  • 最新文献
  • 馆藏检索
  • 电子资源
  • 读者导购
  • 参考咨询
  • 我的图书馆
  • 登录
  • 详细信息显示
  • 放入我的书架
  • 预约/预借图书
  • 作者相关作品
  • 分类相关作品
  • 丛书相关作品
  • 出版社相关作品

书目信息

  • 表格格式
  • 工作单格式
  • 卡片格式
题名:
心理学漫谈
    
 
作者: 王树茂 著
分册:  
出版信息: 北京   中国青年出版社  1985
页数: 128页
开本: 19cm
丛书名:
单 册:
中图分类: B84-49 , B84
科图分类:
主题词: 心理学--青年读物
电子资源:
ISBN:
000 00689nam0 2200253 45
001 1257387711
005 20120928155842.89
010    @dCNY0.54
091    @aCN@b2009.56
100    @a19900921d1985 em y0chiy0121 ea
101 0  @achi
102    @aCN@b110000
105    @ay z 000yy
200 10 @a心理学漫谈@Axin li xue man tan@e致青年朋友十七封信@f王树茂著
210    @a北京@c中国青年出版社@d1985
215    @a128页@d19cm
517 1  @a致青年朋友十七封信@Azhi qing nian peng you shi qi feng xin
606 0  @a心理学@x青年读物
690    @aB84-49@v3
690    @aB84@v4
701  0 @a王树茂@Awang shu mao@4著
801  0 @aCN@bTSSF
801  2 @aCN@bNLC
905    @a10447@dB84@eJY56
    
    心理学漫谈:致青年朋友十七封信/王树茂著.-北京:中国青年出版社,1985
    128页;19cm
    
    
    ISBN :CNY0.54
    
●
相关链接 在E读中查询图书 在五车中查询图书 在当当中查询图书 在豆瓣中查询图书


正题名:心理学漫谈     索取号:B84/JY56         预约/预借

序号 登录号 条形码 馆藏地/架位号 状态 备注
1 7830213   278302132   学院路分馆/ [索取号:B84/JY56] 在馆    
2 7830214   278302141   学院路分馆/ [索取号:B84/JY56] 在馆    
唐山师范学院图书馆 欢迎您!
大连网信软件有限公司© 版权所有